000 00537nam a2200193Ia 4500
999 _c40102
_d40102
003 GCL
005 20240530103516.0
008 140319s9999 xx 000 0 ara d
040 _aGCL /
_cGCL
082 0 4 _a810.5
_bب ح
100 1 _aبرادبرى، مالكم
245 1 0 _aالحداث (1890 - 1930) /
_cمالكم برادبرى
300 _a302 ص
650 0 4 _aالحداثة
650 0 4 _aالحركات الادبية
700 1 _aماكفارلن , جيمس
700 1 _aمؤيد حسن فوزى
942 _2ddc
_cBK